| 000 | 00405nam a22001217a 4500 | ||
|---|---|---|---|
| 020 | _a0-07-052162-X | ||
| 082 | _a658.20 IND'R | ||
| 100 |
_aRICE, JAMES O ,ROSALER, ROBERT C _957079 |
||
| 245 | _aINDUSTRIAL MAINTENANCE REFERENCE GUIDE | ||
| 260 |
_aNEWYORK _bMCGRAW HILL _c1987 |
||
| 650 |
_aINDUSTRIAL EQUIPMENT MAINTENANCE AND REPAIR HANDBOOK MANUAL PLANT MAINTENANCE HARBOOK MANUAL _957080 |
||
| 942 | _cBK | ||
| 999 |
_c567384 _d567384 |
||